000 00278nam a22001337a 4500
008 170419b xxu||||| |||| 00| 0 eng d
020 _aZZZZZTJ5RS
041 _aeng
080 _a573
100 _a11
101 _aSHM
245 _aUSMLE STEP 1
_cKING, M.W
942 _2udc
_cBK
999 _c11265
_d11265